005210000a2200157000450000500170000094200090001710000230002624501160004926000470016530000110021204000080022336500130023165000140024499900190025895200860027720120302064824.0 cBOOK a Patwardhan, Ajeet a KulDaivat : Chitpawan kokanastha brahman kutumbiyanchya kuldaivatanchi sampurna sachitra mahiti denara grantha aMiraj : Yashwant industrial works pvt.Ltd. a152 p. amar bRs.250/- aKuldaivat c363163d363160 00104070aIOSbIOSd2009-12-02l0pIOS-M 24218r2009-12-02 00:00:00w2009-12-02